Managerial economics : (Record no. 18489)
[ view plain ]
| 000 -LEADER | |
|---|---|
| fixed length control field | 00760cam a22002412 4500 |
| 001 - CONTROL NUMBER | |
| control field | 0000019382 |
| 003 - CONTROL NUMBER IDENTIFIER | |
| control field | OSt |
| 005 - DATE AND TIME OF LATEST TRANSACTION | |
| control field | 20200915153138.0 |
| 008 - FIXED-LENGTH DATA ELEMENTS--GENERAL INFORMATION | |
| fixed length control field | 101112s xx 000 0 eng d |
| 020 ## - INTERNATIONAL STANDARD BOOK NUMBER | |
| International Standard Book Number | 1259251071 |
| 040 ## - CATALOGING SOURCE | |
| Original cataloging agency | KABU |
| Transcribing agency | KABU |
| 050 ## - LIBRARY OF CONGRESS CALL NUMBER | |
| Classification number | HD30.22 |
| Item number | .T46 2016 c.1 |
| 100 1# - MAIN ENTRY--PERSONAL NAME | |
| Personal name | Thomas, Christopher R. |
| 245 10 - TITLE STATEMENT | |
| Title | Managerial economics : |
| Remainder of title | foundations of business analysis and strategy / |
| Statement of responsibility, etc. | Christopher R. Thomas, S. Charles Maurice. |
| 250 ## - EDITION STATEMENT | |
| Edition statement | 12th ed. |
| Remainder of edition statement | International edition |
| 260 ## - PUBLICATION, DISTRIBUTION, ETC. (IMPRINT) | |
| Place of publication, distribution, etc. | New York : |
| Name of publisher, distributor, etc. | McGraw-Hill, |
| Date of publication, distribution, etc. | 2016. |
| 300 ## - PHYSICAL DESCRIPTION | |
| Extent | xxii, 714p. |
| 650 #0 - SUBJECT ADDED ENTRY--TOPICAL TERM | |
| Topical term or geographic name as entry element | Managerial economics. |
| 700 1# - ADDED ENTRY--PERSONAL NAME | |
| Personal name | Maurice, S. Charles. |
| 908 ## - PUT COMMAND PARAMETER (RLIN) | |
| Put command parameter | 101112 |
| 942 ## - ADDED ENTRY ELEMENTS (KOHA) | |
| Source of classification or shelving scheme | Library of Congress Classification |
| Koha item type | General Collection |
| Withdrawn status | Lost status | Source of classification or shelving scheme | Not for loan | Home library | Current library | Date acquired | Cost, normal purchase price | Total Checkouts | Full call number | Barcode | Date last seen | Price effective from | Koha item type | Date last checked out |
|---|---|---|---|---|---|---|---|---|---|---|---|---|---|---|
| Library of Congress Classification | Kabarak, Main Campus | Kabarak, Main Campus | 15/09/2020 | 4350.00 | HD30.22 .T46 2016 c.1 | 029288 | 02/08/2024 | 15/09/2020 | General Collection | |||||
| Library of Congress Classification | Kabarak, Main Campus | Kabarak, Main Campus | 15/09/2020 | 4350.00 | HD30.22 .T46 2016 c.2 | 029289 | 02/08/2024 | 15/09/2020 | General Collection | |||||
| Library of Congress Classification | Kabarak, Nakuru City Campus | Kabarak, Main Campus | 15/09/2020 | 4350.00 | 2 | HD30.22 .T46 2016 c.1 | 029290 | 10/12/2024 | 15/09/2020 | General Collection | 11/11/2024 |